Making good : (Record no. 9918)

MARC details
000 -LEADER
fixed length control field 01218cam a2200337 i 4500
001 - CONTROL NUMBER
control field 18188556
003 - CONTROL NUMBER IDENTIFIER
control field GBCCL
005 - DATE AND TIME OF LATEST TRANSACTION
control field 20241126110721.0
008 - FIXED-LENGTH DATA ELEMENTS--GENERAL INFORMATION
fixed length control field 140616s2014 txu b 001 0 eng
010 ## -
-- 2014010727
020 ## - INTERNATIONAL STANDARD BOOK NUMBER
International Standard Book Number 9781602589889 (acidfree paper)
040 ## - CATALOGING SOURCE
Original cataloging agency DLC
Language of cataloging eng
Transcribing agency DLC
Description conventions rda
Modifying agency DLC
042 ## -
-- pcc
050 00 -
-- BR115.A8
-- H38 2014
082 00 - DEWEY DECIMAL CLASSIFICATION NUMBER
Classification number 261.57
Edition information 23
Item number HAR
100 1# - MAIN ENTRY--PERSONAL NAME
Personal name Hart, Trevor A.
9 (RLIN) 11922
245 10 - TITLE STATEMENT
Title Making good :
Remainder of title creation, creativity, and artistry /
Statement of responsibility, etc. Trevor Hart.
264 #1 - PRODUCTION, PUBLICATION, DISTRIBUTION, MANUFACTURE, AND COPYRIGHT NOTICE
Place of production, publication, distribution, manufacture Waco :
Name of producer, publisher, distributor, manufacturer Baylor University Press,
Date of production, publication, distribution, manufacture, or copyright notice [2014]
300 ## - PHYSICAL DESCRIPTION
Extent xii, 368 pages ;
Dimensions 24 cm
336 ## - CONTENT TYPE
Content type term text
Content type code txt
Source rdacontent
337 ## - MEDIA TYPE
Media type term unmediated
Media type code n
Source rdamedia
338 ## - CARRIER TYPE
Carrier type term volume
Carrier type code nc
Source rdacarrier
504 ## - BIBLIOGRAPHY, ETC. NOTE
Bibliography, etc. note Includes bibliographical references (pages 345-361) and index.
650 #0 - SUBJECT ADDED ENTRY--TOPICAL TERM
Topical term or geographic name entry element Christianity and art.
9 (RLIN) 15011
650 #0 - SUBJECT ADDED ENTRY--TOPICAL TERM
Topical term or geographic name entry element Creation (Literary, artistic, etc.)
General subdivision Religious aspects
-- Christianity.
9 (RLIN) 17246
650 #0 - SUBJECT ADDED ENTRY--TOPICAL TERM
Topical term or geographic name entry element Imagination
General subdivision Religious aspects
-- Christianity.
9 (RLIN) 17247
650 #0 - SUBJECT ADDED ENTRY--TOPICAL TERM
Topical term or geographic name entry element Creationism.
9 (RLIN) 1495
906 ## - LOCAL DATA ELEMENT F, LDF (RLIN)
a 7
b cbc
c orignew
d 1
e ecip
f 20
g y-gencatlg
942 ## - ADDED ENTRY ELEMENTS (KOHA)
Source of classification or shelving scheme Dewey Decimal Classification
Koha item type Books
Holdings
Withdrawn status Lost status Source of classification or shelving scheme Damaged status Not for loan Home library Current Library Shelving location Date acquired Total checkouts Full call number Barcode Date last seen Copy number Price effective from Koha item type
    Dewey Decimal Classification     GRACE BIBLE COLLEGE GRACE BIBLE COLLEGE Ministry & Mission 2023-09-15   261.57 HAR 020527 2025-05-01 c.1 2023-09-15 Books
© Grace Bible College Library 2025